| 000 | 00501nam a2200157 i 4500 | ||
|---|---|---|---|
| 001 | 55613 | ||
| 003 | ES-MaACL | ||
| 005 | 20230906163159.0 | ||
| 007 | t| | ||
| 008 | 030924s1907 fr ||||1| fre d | ||
| 100 | 1 |
_aDes Granges, Charles-Marc. _943812 |
|
| 245 | 1 | 3 |
_aLe romantisme et la critique _b: la presse litteraire sous la restauration 1815-1830 / _cCh. M. Des Granges. |
| 260 |
_aParis : _b[s.n.], _c1907 ( _eMayenne : _fCh. Colin) |
||
| 300 |
_a386 p. ; _c23 cm. |
||
| 852 |
_aES-MaACL _jF-11817 |
||
| 999 |
_c55613 _d55613 |
||